| 000 | 00453nam a22001817a 4500 | ||
|---|---|---|---|
| 003 | MPLRDC | ||
| 005 | 20220104114200.0 | ||
| 008 | 210129b ||||| |||| 00| 0 eng d | ||
| 082 | _a121.67 SZS | ||
| 100 | _a孙振声编撰 | ||
| 245 |
_a强者的统御术: 韩非子 _c |
||
| 250 | _a十版 | ||
| 260 |
_a _b星光出版社 _c1983 |
||
| 300 | _b平 | ||
| 490 | _a双子星丛书. 16 | ||
| 650 | _a先秦哲学--韩非子 | ||
| 942 |
_cBK _o121.67 SZS |
||
| 999 |
_c5462 _d5452 |
||